| 000 | 00427nam a2200157 a 4500 | ||
|---|---|---|---|
| 005 | 20140412111240.0 | ||
| 008 | 001111s19uu xx 00 eng d | ||
| 050 |
_aM 535.6 _bDu897 1987 |
||
| 100 | _aDunham, Meredith | ||
| 245 |
_aColors : _bhow do you say it? / _cMeredith Dunham. |
||
| 260 | _c1987. | ||
| 300 | _a1 v. (unp.) ; col. ; ill. | ||
| 650 | _aColor | ||
| 650 | _aPicture dictionaries. Polygot | ||
| 999 |
_c102646 _d102646 |
||